Statistics for Countries Less Populous Than Their Neighbors

Click here to take the quiz!

General Stats

  • This quiz has been taken 16,669 times
    (14,219 since last reset)
  • The average score is 37 of 52

Answer Stats

Borders Country % Correct
ItalyVatican City
91%
Belgium, France, GermanyLuxembourg
90%
France, SpainAndorra
90%
ItalySan Marino
89%
Austria, SwitzerlandLiechtenstein
89%
South AfricaLesotho
85%
United KingdomIreland
84%
United StatesCanada
84%
FranceMonaco
83%
China, Russia, South KoreaNorth Korea
82%
Latvia, RussiaEstonia
81%
Argentina, BrazilUruguay
80%
Finland, Russia, SwedenNorway
79%
Burma, Cambodia, China, Thailand, VietnamLaos
79%
Mozambique, South AfricaEswatini
79%
GermanyDenmark
78%
SpainPortugal
78%
Saudi Arabia, UAE, YemenOman
77%
China, IndiaNepal
77%
Argentina, Bolivia, BrazilParaguay
77%
China, IndiaBhutan
77%
Brazil, Guyana, (France)Suriname
76%
Saudi ArabiaQatar
76%
Guatemala, MexicoBelize
76%
HaitiDominican Republic
76%
Colombia, Costa RicaPanama
75%
MalaysiaBrunei
73%
Eritrea, Ethiopia, SomaliaDjibouti
73%
China, RussiaMongolia
72%
Colombia, PeruEcuador
71%
Azerbaijan, Georgia, Iran, TurkeyArmenia
70%
Iraq, Saudi ArabiaKuwait
69%
Guatemala, HondurasEl Salvador
68%
IndonesiaEast Timor
68%
SenegalGambia
68%
Israel, SyriaLebanon
68%
Albania, Bosnia, Croatia, Kosovo, SerbiaMontenegro
67%
DR Congo, Rwanda, TanzaniaBurundi
65%
Romania, UkraineMoldova
64%
IndonesiaPapua New Guinea
64%
Austria, Croatia, Hungary, ItalySlovenia
63%
Benin, Burkina Faso, GhanaTogo
63%
China, Kazakhstan, Tajikistan, UzbekistanKyrgyzstan
60%
Cameroon, GabonEquatorial Guinea
56%
Austria, Czechia, Hungary, Poland, UkraineSlovakia
56%
Algeria, Chad, Egypt, Niger, Sudan, TunisiaLibya
53%
Iraq, Saudi Arabia, SyriaJordan
51%
Guinea, SenegalGuinea-Bissau
51%
Afghanistan, Iran, Kazakhstan, UzbekistanTurkmenistan
50%
Côte d'Ivoire, Guinea, Sierra LeoneLiberia
48%
Namibia, South Africa, Zambia, ZimbabweBotswana
47%
Algeria, Mali, Morocco, SenegalMauritania
38%

Score Distribution

Percentile by Number Answered

Percent of People with Each Score

Your Score History

You have not taken this quiz since the last reset